| 000 | 00676nam a2200193Ii 4500 | ||
|---|---|---|---|
| 003 | JO-AjNU | ||
| 008 | 230605s9999||||xx |||||||||||||| ||und|| | ||
| 040 |
_aJO-AjNU _bara _erda _cJO-AjNU |
||
| 041 | _aara | ||
| 050 | 1 | 4 | _aDS39 .2 A2.A4682 |
| 100 | 3 |
_aأحمد، صلاح زكي, _eauthor _99262 |
|
| 245 | 0 | 0 | _aقادة الفكر العربي: عصر النهضة العربية 1798/1930 |
| 264 | 3 | 1 | _aالكويت: دار سعاد الصباح |
| 300 | _a263ص | ||
| 336 |
_atext _btxt _2rdacontent |
||
| 337 |
_aunmediated _bn _2rdamedia |
||
| 338 |
_avolume _bnc _2rdacarrier |
||
| 650 | 4 |
_aعالم عربي-تراجم -عصر النهضةالعربية1798/1930 _99263 |
|
| 999 |
_aA1208 _c4776 _d4776 |
||